Advances in geometric modeling

Αποθηκεύτηκε σε:
Λεπτομέρειες βιβλιογραφικής εγγραφής
Κύριος συγγραφέας: Sarfraz, Muhammad
Μορφή: Βιβλίο
Γλώσσα:English
Δημοσίευση: Chichester, England : John Wiley & Sons, c2003
Θέματα:
Ετικέτες: Προσθήκη ετικέτας
Δεν υπάρχουν, Καταχωρήστε ετικέτα πρώτοι!

MARC

LEADER 00000nam a2200000 i 4500
001 1/65458
008 071130s2003 eng d
020 |a 0-470-859377 
035 |l 10092717 
040 |a GR-MY-UA  |b gre  |e aacr 
041 0 |a eng 
082 0 |a 516.00285  |2 (22) 
100 1 |a Sarfraz, Muhammad. 
245 1 0 |a Advances in geometric modeling /  |c Dr. Muhammad Sarfraz 
260 |a Chichester, England :   |b John Wiley & Sons,   |c c2003 
300 |a xiv, 320 σ.;  |b εικ.;  |c 25 εκ. 
504 |a Περιλαμβάνει βιβλιογραφίες και ευρετήρια 
650 0 0 |a Geometrical models. 
650 0 0 |a Geometry  |x Data processing. 
650 0 0 |a Computer-aided design. 
852 |a INST  |b SYROS  |e 20071130  |h 516.00285 SAR  |p 005500006857  |q 005500006857  |t BK  |y 0 
901 |a BIBL5-2007-3 
909 |a Ε  |b 140613 
922 |a 5ΕΛΗ  |b 200711  |c ΕΠΕΑΕΚ2/ΤΜΣΠΣ  |d ΕΛΕΥΘΕΡΟΥΔΑΚΗΣ 
970 |a ΚΟΝΤΟΥ  |b ΠΑΡΑΣΚΕΥΗ  |z 2007/11/30